Sunderland Squad 2026 - Statistics

General Stats
  • This quiz has been taken 53 times
  • The average score is 19 of 29
Answer Stats
Nation Age Position Answer % Correct
Switzerland 33 CDM Granit Xhaka
100%
France 22 RM Abdoullah Ba
86%
Burkina Faso 30 RW Bertrand Traore
86%
Northern Ireland 26 CB Dan Ballard
86%
DR Congo 32 LB Arthur Masuaku
79%
Senegal 22 CM Habib Diarra
79%
France 28 RB Nordi Mukiele
79%
Netherlands 22 GK Robin Roefs
79%
France 25 ST Wilson Isidor
79%
Netherlands 23 ST Brian Brobbey
71%
France 25 CM Enzo Le Fee
71%
England 31 CB Luke O'Nien
71%
Mozambique 31 LB Reinildo Mandava
71%
England 25 GK Anthony Patterson
64%
Morocco 20 RW Chemsdine Talbi
64%
DR Congo 21 CM Noah Sadiki
64%
Paraguay 29 CB Omar Alderete
64%
Ivory Coast 24 LW Simon Adingra
64%
England 18 CAM Chris Rigg
57%
England 23 LB Dennis Cirkin
57%
Spain 20 ST Eliezer Mayenda
57%
Northern Ireland 23 RB Trai Hume
57%
Netherlands 25 RB Lutsharel Geertruida
50%
England 22 LW Romaine Mundle
50%
Cameroon 24 GK Blondy Nna Noukeu
43%
England 24 CM Dan Neil
43%
Colombia 25 RW Ian Poveda
43%
Norway 22 LB Leo Hjelde
43%
England 24 CB Aji Alese
14%
No matching quizzes found
Score Distribution
Percent of People with Each Score
Percentile by Number Answered
Your Score History
You have not taken this quiz